000 00360 a2200145 4500
001 159623
020 _a
040 _cMagnum
100 _aNovo Brasil Editora Brasileira
240 1 0 _aBiblioteca de ciencia exatas e humanas/v.1
_lpor
245 1 0 _aBiblioteca de ciencia exatas e humanas/v.1
362 0 _a1899
697 _aMAGNITO: COLECAO
942 _cBK
999 _c159623
_d159623